Selecciones

Tallennettuna:
Bibliografiset tiedot
Päätekijät: Almeyda, Clodomiro (Tekijä), Pereda, Guarani (Tekijä)
Aineistotyyppi: Kirja
Kieli:espanja
Julkaistu: s.n 1992
Sarja:Colección Chile en el Siglo Veinte, 5
Aiheet:
Tagit: Lisää tagi
Ei tageja, Lisää ensimmäinen tagi!

MARC

LEADER 00000nam a2200000 a 4500
001 UCX8652
003 CL-VaPUC
008 940418e19920000CL |||||||||||||||||spa|d
082 0 4 |a 320.983  |b ALM  |2 21 
100 0 |a Almeyda, Clodomiro  |e author  |9 325839 
700 0 |a Pereda, Guarani  |e author  |9 325840 
245 1 0 |a Selecciones 
246 1 0 |a Clodomiro Almeyda: obras escogidas 1947-1992 
300 |a 390 p 
942 |c BK 
945 |d 19940418 00:00:00  |a aalvarez 
260 |b s.n  |c 1992 
600 0 7 |a ALMEYDA, CLODOMIRO  |2 CL-VaPUC  |9 325841 
650 0 |a Socialismo  |9 255260 
650 7 |a POLITICA Y GOBIERNO SIGLO 20  |2 CL-VaPUC  |9 314300 
651 7 |a CHILE  |2 CL-VaPUC  |9 325842 
651 0 |a América Latina   |9 255027 
583 |a last modification  |c 20120812 02:52:29  |k Rodrigo Vera 
490 0 |a Colección Chile en el Siglo Veinte, 5 
999 |c 228092  |d 228090 
952 |0 0  |1 0  |4 0  |6 320_983000000000000_ALM_1992  |7 0  |8 A  |9 227698  |a BIBHIS  |b BIBHIS  |d 2019-11-15  |i 2970139  |o 320.983 ALM 1992  |p 2970139  |r 2025-01-20  |w 2019-11-15  |y BK  |k HIS